| 000 | 01758nam a22002897a 4500 | ||
|---|---|---|---|
| 001 | 987 | ||
| 003 | DO-SdBNP | ||
| 005 | 20170919131038.0 | ||
| 007 | 987 | ||
| 008 | 160606b 2006 dr |||| 00| 0 spa d | ||
| 020 | _a 99934067 | ||
| 040 |
_aBPMSU _bspa _cBPMSU |
||
| 082 | 4 |
_a331.88097293 _bG633s |
|
| 100 | _aGómez Cerda, José | ||
| 245 |
_aEl sindicalismo en la República Dominicana / _c José Gómez Cerda ; prólogo Henry Molina _h |
||
| 260 | 0 |
_aSanta Domingo : _bArgo : _c2006 |
|
| 300 |
_a151 p. : _c24 cm. |
||
| 500 | _aIncluye datos biográficos del autor en las solapas | ||
| 505 | 0 |
_tPrólogo -- _t Los antecedentes -- _tHistoria del sindicalismo dominicano 1961-1979 -- _tSituración economica -- _tTurismo _t Las remesas de dominicanos en el exterior -- _t El Tratado de Libre Comercio -- _t El sistema de seguridad social dominicana -- _t Los fondos de pensiones -- _t Las viviendas y los trabajadores -- _t El entorno internacional -- _tEl entorno internacional -- _t Los trabajadores dominicanos y el Tratado de Libre Comercio (TLC) -- _t El caso de Chile -- _tEl caso de México -- _t El desarrollo de los recursos humanos -- _tProceso de unidad en el Caribe -- _t Remesas -- _t El trabajo y el sindicalismo -- _tEl trabajo humano -- _t El movimiento de los trabajadores -- _t Sindicalismo humanista -- _t Sindicalismo autónomo -- _tSindicalismo ideológico -- _t Sindicalismo y competitividad La educación y la comunicación -- _tLa educación permanente -- |
|
| 650 | 4 |
_aSINDICALISMO _xHISTORIA |
|
| 650 | 4 | _aTRABAJO Y TRABAJADORES | |
| 700 | 1 | 2 |
_aMolina, Henry _epról. |
| 910 | _aValidado. Control de calidad MFF | ||
| 942 |
_2ddc _cBK |
||
| 945 | _aInventariado / 2017 VM | ||
| 956 |
_aVMATEO _b10 _c20160606 _dBPMSU _f0069 |
||
| 999 |
_c10271 _d10271 |
||